000 00443nam a2200181Ia 4500
003 OSt
005 20220926035258.0
006 a|||||r|||| 00| 0
007 ta
008 220923b |||||||| |||| 00| 0 eng d
037 _cGeneral Book
040 _aRTL
_cRTL
_beng
041 _2eng
_aeng
082 _aXur73, H8
245 0 _aEconomic Report of the President
942 _hXur73, H8
_cGB
_2CC
999 _c661765
_d661765